Quizzes
Events
Quiz Creation
Community
Videos
Private Events
Remove Ads
Sign In
Join for FREE
Feedback
Dark Mode
Quiz Categories
Sports
Geography
Music
Movies
Television
Just For Fun
Miscellaneous
History
Literature
Language
Science
Gaming
Entertainment
Religion
Holiday
For Kids
Quiz Lab
Recent
Popular Today
Quiz Kudos Today
Editor Picks
Curator Picks
Quizzes by...
Day
Popularity
Type
Ratings
Length
Year
Community
Subscriptions
Recent Discussions
Orange Saloon
Badges
Playlists
Quests
Create
Leaderboards
Showdown
Live 5
Trivia Bingo
Activity
Puzzle Library
Sporcle Events
Private Events
Virtual Trivia
Globe League
Become a Host
Pub Owners
SporcleCon
Opinionation
Our Games
Videos
Blog
Mobile Apps
Partnerships
Remove Ads and Go Orange
Feedback
Language
Vocabulary
Begins and Ends
Definition
Spanish
French
German
Italian
Chinese
Latin
Translation
Japanese
Language
Vocabulary
Begins and Ends
Definition
Spanish
French
German
Italian
Chinese
Latin
Translation
Japanese
Random Quiz
Search Sporcle
×
Quiz Lab
Quiz Lab
Language
Vocabulary
Type in answers that appear in a list
Type in answers that appear in a list
Classic
Best Score? Go Orange.
More chap. 6 french vocab Stats
Can you name the More chap. 6 french vocab?
By
gleefan342
10m
48 Questions
17 Plays
17 Plays
17 Plays
Comments
Comments
Give Quiz Kudos
Give Quiz Kudos
-
- Ratings
hide this ad
Forced Order
Answers have to be entered in order
Answers have to be entered in order
Replay
Link that replays current quiz
Next Quiz
Link to next quiz in quiz playlist
You Got
0%
They Got
Avg Score
39%
Avg Friend Score
Upgrade to see
Score Distribution
Jump to the score distribution portion of the page
Score
0/48
Timer
10:00
0
Plays Today
english term
french term
% Correct
this morning
ce matin
100%
this evening
ce soir
94.1%
yesterday
hier
88.2%
yesterday morning
hier matin
82.4%
yesterday evening
hier soir
76.5%
yesterday afternoon
hier apres-midi
70.6%
really
vraiment?
70.6%
two weeks ago
il y a deux semaines
64.7%
the first time
la premiere fois
64.7%
the last time
la derniere fois
64.7%
a castle
un chateau
64.7%
the second time
la deuxieme fois
58.8%
same
meme
58.8%
a war
une guerre
58.8%
so/
then
alors
52.9%
an election
une election
52.9%
badly
mal
47.1%
peace
la paix
47.1%
a long time ago
il y a longtemps
41.2%
little
peu
41.2%
the economic crisis
la crise
41.2%
first
d'abord
35.3%
then
puis
35.3%
a neighbor
un voisin
35.3%
english term
french term
% Correct
finally
enfin
29.4%
Great!
super!
29.4%
what's happening?/
What's going on?
qu'est-ce qui se passe?
29.4%
a sound
un bruit
29.4%
then
apres
23.5%
uh,um
euh
23.5%
elected
elu
23.5%
a highway
une autoroute
23.5%
the Olympic games
les jeux Olympiques
23.5%
a gold medal
une medaille d'or
23.5%
a daily publication
un quotidien
23.5%
an appointment/
a date
un rendez-vous
23.5%
a year ago
il y a un mois
17.6%
wow!
dis donc!
17.6%
what happened?
qu'est-ce qui est arrive?
17.6%
oh no!
zut alors!
17.6%
suburb
la banlieue
17.6%
a trailer, caravan
une caravane
17.6%
ancestor
un ancetre
11.8%
a scientist
un chercheur
11.8%
a car trunk
un coffre
11.8%
food
les provisions
11.8%
the sunset
le coucher de soleil
5.9%
camping equipment
l'equipement de camping
5.9%
Quiz Playlist
Details
Report
Send in Message
Add To Playlist
Classic:
Type in answers that appear in a list
Forced Order:
Answers have to be entered in order
Last Updated: Feb 16, 2017
Quiz Scoreboard
CHALLENGE
Sign Up to Join the Scoreboard
Show All
Scores
Hide
Comments
May contain spoilers
Recently Published
College Basketball Coaching Resumes
by pancakes188
Sports
9m
Billboard Blitz: Fleetwood Mac
by CooCooCachoo
Music
15s
Presidents Visiting Landmarks
by Hejman
History
7m
More to Explore
Quiz From the Vault
Featured Blog Post
Where Did the Easter Bunny Come From?
hide this ad
You Might Also Like...
Tags
French Quiz
Vocabulary Quiz
chap
English
Term
Today's Top Quizzes in Language
Browse Language
hide this ad
Today's Top Quizzes in Vocabulary
Browse Vocabulary
Top Contributed Quizzes in Language
1
1-10 Letter F Words III
2
1-10 Letter G Words III
3
Alphabetize! : 'As' words
4
1-10 Letter H Words III
5
Order Up: Top 10 Most Native Spoken Languages
6
One Thing in Common: Italy
7
1-10 Letter I Words III
8
1-10 Letter J Words III
9
Weisst du, aus welchen Sprachen diese Wörter stammen?
10
Celtic Nations in their Language
Explore More
Trending Topics
Marvel
NBA
Harry Potter
Kpop
Crossword
Anime
Disney
The Office
Song
Pokémon
NFL
Soccer
Puzzle
WWE
Country
hide this ad
More By:
gleefan342
Quiz
Plays
Rating
Category
Featured
Created
French Verb prendre
4,912
4.00
Language
Dec 1, 2010
French Verb Vouloir
4,314
Language
Dec 14, 2010
French Verb Boire
3,079
Language
Dec 1, 2010
French Prepositions
1,982
2.14
Language
Oct 25, 2010
French Verb manger
886
3.00
Language
Dec 14, 2010
Go to Creator's Profile
Score Distribution
Quiz Creator Spotlight
gleefan342
Follow
Send a Message
Quizzes Created
-
Created Quiz Play Count
-
More By This Creator
Popular Quizzes Today
1
Find the US States - No Outlines Minefield
2
Find the Countries of Europe - No Outlines Minefield
3
The Countries of the World
4
Find the US States
5
Risky Map Clicking: Biggest States A-Z
6
US States
7
Popular People in 1961
8
Movies - When Are They Set?
More Language Quizzes
Anagram Ladder
Published
Trending Quizzes
Risky Map Clicking: Least Populous States A-Z
1-10 Letter G Words
1-10 Letter F Words
Risky Map Clicking: Next State Alphabetically
Click the Washington State Counties! (Map)
Recently Updated
Leaping Animals
pecheneg
Reality TV Shows (A-Z)
bhenderson79
Rickey Henderson's Hall of Fame Teammates
pecheneg
Champions League XIs: Arsenal
pecheneg
Quick Pick: Celebrities in WWE's Hall of Fame
aduchscher
A-Z Keypad Blitz II
pecheneg
Multiple Oscar Actors
pecheneg
Mystery Phrase Blitz: Oscar 'Best Actors'
pecheneg
F. Scott Fitzgerald Novels
LTH
Pick 3 Villains
ddd62291
Trending Topics
Anime
Harry Potter
Marvel
NBA
Kpop
Crossword
Disney
Pokémon
Country
The Office
Puzzle
WWE
Song
NFL
Soccer
Your Account Isn't Verified!
In order to create a playlist on Sporcle, you need to verify the email address you used during registration. Go to your
Sporcle Settings
to finish the process.
Report this User
Report this user for behavior that violates our
Community Guidelines
.
Details:
Send Report
Go to the Sporcle.com Mobile Site →
Comments